000 00288 a2200145 4500
001 172320
020 _a
040 _cMagnum
100 _aDuarte, Luiz
240 1 0 _aCai cai balao
_lpor
245 1 0 _aCai cai balao
362 0 _a1899
697 _aI/AVENTURA, CRIANCAS
942 _cBK
999 _c172320
_d172320